000 01782nam a22004577a 4500
003 CHAP
005 20220329140921.0
008 971013s1996 r 00010 d
010 _a59790
011 _a60762
035 _a64924
040 _cCHAP
090 _aTesis
100 0 0 _aBenitez Molina, Gaudencio.
_911587
245 _aInducción de la floración y resistencia al frío mediante la nutrición foliar y anillado en árboles juveniles segregantes de durazno 86 - 28C x 88 - 11N (Prunus persica (L.) Batsch) en Montecillo, México
260 _aChapingo, Méx. :
_bEl autor,
_c1996
300 _a62 h.
502 _aTesis (Ing. Agr. Esp. en Fitotecnia) -- UACH. Departamento de Fitotecnia
590 _aALEPH
_b10
_c20130110
_lUCH01
_h1338
590 _aBATCH-UPD
_b10
_c20130109
_lUCH01
_h2345
590 _aBATCH-UPD
_b10
_c20130110
_lUCH01
_h0438
590 _aBATCH-UPD
_b10
_c20130110
_lUCH01
_h2230
590 _aBATCH-UPD
_b10
_c20130409
_lUCH01
_h1915
590 _aBATCH-UPD
_b10
_c20130410
_lUCH01
_h0113
590 _aBATCH-UPD
_b10
_c20130914
_lUCH01
_h0333
590 _aCONVERSION
_b10
_c20130109
_lUCH01
_h1332
650 1 4 _aAnillos de crecimiento.
_95845
650 1 4 _aArboles frutales
_xCrecimiento.
_96670
650 1 4 _aArboles frutales
_xEspaciamiento.
_96676
650 1 4 _aArboles frutales
_xFloracion.
_96678
650 1 4 _aArboles frutales
_xResistencia al frio.
_96690
650 1 4 _aArboles frutales
_xSemilla.
_96691
650 1 4 _aDurazno
_xFloración.
_934600
650 1 4 _aDurazno
_xRendimiento.
_934625
650 1 4 _aFertilización foliar.
_940445
650 1 4 _aFrío
_xEfecto en durazno.
_943530
901 _aBK
942 _cFOLL
949 _bBC
_cTES
_d-143255
_eTS1
_h28824
_i64924
_si
949 _bBC
_cTES
_d33724000078549
_eTS2
_fc.2
_h28825
_i64924
_si
999 _c59790
_d59790